Colori, paesaggi, linguaggi. La cultura africana attraverso il suo cinema (Record n. 93275)
[ formato base ]
| 000 -LEADER | |
|---|---|
| fixed length control field | 01519nam a2200313Ia 4500 |
| 001 - CONTROL NUMBER | |
| control field | C9577 |
| 003 - CONTROL NUMBER IDENTIFIER | |
| control field | IT-RoPAU |
| 008 - FIXED-LENGTH DATA ELEMENTS--GENERAL INFORMATION | |
| fixed length control field | 130308s9999 xx 000 0 und d |
| 040 ## - CATALOGING SOURCE | |
| Original cataloging agency | IT-RoPAU |
| 040 ## - CATALOGING SOURCE | |
| Transcribing agency | IT-RoPAU |
| 041 ## - LANGUAGE CODE | |
| Language code of text/sound track or separate title | ITALIANO |
| 100 ## - MAIN ENTRY--PERSONAL NAME | |
| Personal name | AA.VV. |
| 100 ## - MAIN ENTRY--PERSONAL NAME | |
| Miscellaneous information | Codice Aut. SPICS: 12000 |
| 245 ## - TITLE STATEMENT | |
| Title | Colori, paesaggi, linguaggi. La cultura africana attraverso il suo cinema |
| 245 ## - TITLE STATEMENT | |
| Remainder of title | Colori, Paesaggi, Linguaggi. La Cultura Africana Attraverso Il suo Cinema |
| 250 ## - EDITION STATEMENT | |
| Edition statement | 1a ed. |
| 260 ## - PUBLICATION, DISTRIBUTION, ETC. (IMPRINT) | |
| Place of publication, distribution, etc. | VENEZIA |
| 260 ## - PUBLICATION, DISTRIBUTION, ETC. (IMPRINT) | |
| Name of publisher, distributor, etc. | Cinit/Cineforum |
| 260 ## - PUBLICATION, DISTRIBUTION, ETC. (IMPRINT) | |
| Date of publication, distribution, etc. | 1994 [1° Ed.:1994 - Ed.Ling.Originale:1994] |
| 300 ## - PHYSICAL DESCRIPTION | |
| Extent | "112 p. (prefazione: no ; testo: 112 [pagine: 0-0])" |
| 500 ## - GENERAL NOTE | |
| General note | Note Sul progetto Culturale Inserito nella 51 Edizione della mostra di Arte Cinematografica di Venezia. Riflessioni Sulla Cultura Africana Tramite I Suoi Film. Schede e recensioni con Riflessioni su Parecchi Film: nel Nome di Cristo di Roger Gnoan M'Bala, Yenes di Djibril Diop Mambety, Bosco Sacro di Mohamed Soudani, a nous la rue di Moustapha Dao e tanti Altri Film Africani. intervista a Gaston Kabore'. Appunti Sul Cinema Africano Oggi, dal Iv festival del Cinema Africano, Milano 18/24 Marzo 1994. Spazio Filmico Come Conoscenza del Reale. Educazione Interculturale e Alla Pace Attraverso Lo Strumento Cinema. |
| 650 ## - SUBJECT ADDED ENTRY--TOPICAL TERM | |
| Topical term or geographic name as entry element | STORIA NAZIONALE DEL CINEMA |
| 650 ## - SUBJECT ADDED ENTRY--TOPICAL TERM | |
| Relator term | Codice materia Spics: 6809 |
| 700 ## - ADDED ENTRY--PERSONAL NAME | |
| Personal name | Serra Michele |
| 700 ## - ADDED ENTRY--PERSONAL NAME | |
| Miscellaneous information | Codice Aut. SPICS: 1341 |
| 942 ## - ADDED ENTRY ELEMENTS (KOHA) | |
| Koha item type | LIBRO |
| 957 ## - | |
| -- | 1 |
| 999 ## - SYSTEM CONTROL NUMBERS (KOHA) | |
| -- | 1 |
| Withdrawn status | Lost status | Damaged status | Not for loan | Home library | Current library | Date acquired | Total Checkouts | Full call number | Date last seen | Price effective from | Koha item type | Public note |
|---|---|---|---|---|---|---|---|---|---|---|---|---|
| Buone Condizioni | Not For Loan | SPICS-MEDIATECA | SPICS-MEDIATECA | 08/03/2013 | C9577 | 08/03/2013 | 08/03/2013 | LIBRO | Progressivo inserimento: 37683 / N. Volumi: 1 Copie: 1 / data import: 1 marzo 2013 - By Epidotti, Trombetti, Vaglietti. |